00365nam a22000857a 4500008004100000040005500041245011400096260005200210300001700262230726b |||||||| |||| 00| 0 eng d aNational Science LibrarycNational Science Library aCompliance test reports kwic indexc/ National Highway Traffic Safety Administration Washington, D C May 1971 aWashington: bUS Department of Commerce, c1971 aiii, s-101p.